<?xml version="1.0" encoding="UTF-8"?>
<marc:record xmlns:marc="http://www.loc.gov/MARC21/slim">
   <marc:leader>00000nam a2200000 a 4500</marc:leader>
   <marc:datafield ind1="1" ind2=" " tag="100">
      <marc:subfield code="a">Clancy, Tom</marc:subfield>
      <marc:subfield code="4">aut</marc:subfield>
      <marc:subfield code="e">Verfasser/-in</marc:subfield>
   </marc:datafield>
   <marc:datafield ind1="1" ind2=" " tag="100">
      <marc:subfield code="a">Greaney, Mark</marc:subfield>
      <marc:subfield code="4">aut</marc:subfield>
      <marc:subfield code="e">Verfasser/-in</marc:subfield>
   </marc:datafield>
   <marc:datafield ind1="0" ind2="0" tag="245">
      <marc:subfield code="a">Die Macht des Präsidenten</marc:subfield>
   </marc:datafield>
   <marc:datafield ind1="0" ind2="0" tag="245">
      <marc:subfield code="b">Thriller</marc:subfield>
   </marc:datafield>
   <marc:datafield ind1="0" ind2="0" tag="245">
      <marc:subfield code="c">Tom Clancy ; Mark Greaney</marc:subfield>
   </marc:datafield>
   <marc:datafield ind1=" " ind2="1" tag="264">
      <marc:subfield code="a">München</marc:subfield>
      <marc:subfield code="b">Heyne</marc:subfield>
      <marc:subfield code="c">2018</marc:subfield>
   </marc:datafield>
   <marc:datafield ind1="1" ind2=" " tag="520">
      <marc:subfield code="a">Eine schwimmende Erdgasanlage vor der litauischen Küste explodiert nach einem Bombenanschlag. Ein venezolanischer Staatsanwalt wird gemeuchelt. Bei einem Handstreich gegen einen russischen Truppenzug gibt es Dutzende Tote. Eine anarchische Welt ist die beste Tarnung, den eigentlichen Plan mit scheinbar zusammenhanglosen Übergriffen zu verschleiern. Nur ein Mann erkennt das Muster hinter all den perfiden Terroranschlägen rund um die Welt. Kann US-Präsident Jack Ryan den skrupellosen Drahtzieher zur Strecke bringen &#x96; oder stürzt das gestörte Gleichgewicht der Kräfte die Welt ins bodenlose Chaos?</marc:subfield>
   </marc:datafield>
   <marc:datafield ind1=" " ind2=" " tag="020">
      <marc:subfield code="a">9783453271142</marc:subfield>
      <marc:subfield code="9">9783453271142</marc:subfield>
   </marc:datafield>
   <marc:datafield ind1=" " ind2=" " tag="020">
      <marc:subfield code="a">3453271149</marc:subfield>
      <marc:subfield code="9">3453271149</marc:subfield>
   </marc:datafield>
   <marc:datafield ind1=" " ind2=" " tag="300">
      <marc:subfield code="a">815 S.</marc:subfield>
   </marc:datafield>
</marc:record>
